000 00304nam a2200133Ia 4500
005 20251222144758.0
008 251222s9999||||xx |||||||||||||| ||spa||
082 _a338.479.1/H82
100 _aHuauyón Dall´ Orto, José Luis
245 0 _aPerú:
250 _a1ra.ed.
264 _bUSMP
942 _cLIB
999 _c19614
_d19614